| 000 | 02320nam a2200457Ia 4500 | ||
|---|---|---|---|
| 001 | dia_5256 | ||
| 003 | CHAP | ||
| 005 | 20250729114342.0 | ||
| 007 | ta | ||
| 008 | 220117s2013 mx abdofr 001 0 spa d | ||
| 040 |
_cCHAP _amxchpua |
||
| 090 |
_aT.C.607 _bA83 IAI _c2013 |
||
| 245 | 1 | 0 |
_aRegión noroeste de la península de Yucatán : _bYucatán y Campeche / _ccoordinador J. Rogelio Ascencio Rivera ; colaboradores Michel Aguilar Godínez...[et al.] |
| 260 |
_aMéxico : _bEl autor, _c2013 |
||
| 300 |
_avi, 86 hojas : _bilustraciones, mapas, gráfocas, diagramas, tablas, fotos |
||
| 336 |
_2rdacontent _atexto _btxt |
||
| 337 |
_2rdamedia _ano mediado _bn |
||
| 338 |
_2rdacarrier _avolumen _bnc |
||
| 500 | _a5° año Grupo 1 -- Directorio en reporte. | ||
| 502 |
_aViaje de estudios _b(IAI) -- _cUACh. Departamento de Ingeniería Agroindustrial, _d2013 |
||
| 504 | _aBibliografía: hojas 85-86 | ||
| 505 |
_aEmpresas visitadas: _t1. Integradora Agroindustrial MIRA, S. A. de C. V. -- 2. Promotora Agroindustrial de Yucatán, S. A. de C. V. (PADYSA) -- 3. Organización de Productores de Miel Maya de San Antonio Tesip, Mérida, Yucatán -- 4. FIRA -- 5. SAGARPA Yucatán -- 6. Flores Finas de Teya -- 7. Oaxaca Miel, S. A. de C. V. -- 8. Productos Richaud, S. A. de C. V. -- 9. Chocolates de Mora -- 10. FIRA Campeche |
||
| 650 | 1 | 3 |
_aChocolate _922816 |
| 650 | 1 | 3 |
_aIndustria de productos agrícolas _9158008 _zMéxico _zCampeche |
| 650 | 1 | 0 |
_aIndustria de productos agrícolas _zMéxico _zYucatán _9157103 |
| 650 | 1 | 3 |
_aMiel y productos producidos por abejas _9158009 _zMéxico _zCampeche |
| 650 | 1 | 3 |
_aMiel y productos producidos por abejas _9158010 _zMéxico _zYucatán |
| 650 | 1 | 3 |
_aHorticultural products industry _9158007 _zMexico _zYucatán |
| 650 | 1 | 3 |
_aHorticultural products industry _9158006 _zMexico _zCampeche |
| 650 | 1 | 0 |
_aHoney and bee products _zMexico _zYucatán _9157987 |
| 650 | 1 | 0 |
_aHoney and bee products _zMexico _zCampeche _9158005 |
| 700 | 1 |
_aAscencio Rivera, J. Rogelio _9154289 _ecoordinador |
|
| 700 | 1 |
_aAguilar Godinez, Michel _9157303 _ecolaborador |
|
| 901 | _aT.C.607 A83 IAI 2013 | ||
| 902 | _aM | ||
| 905 | _a5232272013 mx aimn8223223322spa16 | ||
| 942 | _2local | ||
| 942 | _cVE | ||
| 999 |
_c176165 _d176165 |
||